000 00527nam a2200169Ia 4500
082 _a621.4021
_bLEW
_cL-25, P-26
100 _aLewitt- E. H.
_938613
245 _aThermodynamics applied to heat engines
_bE.h. lewitt
250 _a7th ed.
260 _aLondon
_bSir Isaac Pitman and Sons
_cc1977.
300 _axiv, 828p
_bill.
_c24 cm
526 _a0
_b0
_c0
_d621_402100000000000_LEW
526 _a0
_b0
_c0
_d621_402100000000000_LEW
650 _aHeat-engines -- Thermodynamics
_941649
650 _aMCE
_9379
942 _2ddc
_cBK
999 _c545700
_d545700